000 00502nmm a2200169Ia 4500
008 251105s9999||||xx |||||||||||||||||und||
020 _a9788446022602
041 _aspa
100 _aGonzález García (coord.), Francisco Javier
245 0 _aLos pueblos de la Galicia céltica
264 _a[Madrid, España] :
_bAkal,
_c2007
300 _a624 páginas
490 _aUniversitaria
650 _aHistory of Europe: Spain
856 _uhttps://public.digitaliapublishing.com/a/28000
942 _cCF
999 _c82794
_d82794